000
nam a22 7a 4500
999
_c
46442
_d
46442
003
OSt
005
20190416132034.0
008
190416b xxu||||| |||| 00| 0 eng d
040
_c
SERO SOFT
100
_a
GUPTA, SANJAY
245
_a
NIBANDH PATR LAIKH ANUCHAID EV KAHANIYA
260
_a
GURGOON
_b
COSMOS
300
_a
262
942
_2
ddc
_c
02